DIGEST ON CIVIL CASE LAW AND PROCEDURE (Record no. 216318)

MARC details
000 -LEADER
fixed length control field 00468nam a22001577a 4500
008 - FIXED-LENGTH DATA ELEMENTS--GENERAL INFORMATION
fixed length control field 251201b |||||||| |||| 00| 0 eng d
020 ## - INTERNATIONAL STANDARD BOOK NUMBER
International Standard Book Number 9966-7121-2-7
050 ## - LIBRARY OF CONGRESS CALL NUMBER
Classification number KSK 479.A473 O38 2006
100 ## - MAIN ENTRY--PERSONAL NAME
Personal name ODUNGA GV { LL.B }HONS
245 ## - TITLE STATEMENT
Title DIGEST ON CIVIL CASE LAW AND PROCEDURE
260 ## - PUBLICATION, DISTRIBUTION, ETC.
Place of publication, distribution, etc. KENYA
Name of publisher, distributor, etc. LAW AFRICA PUBLISHING
Date of publication, distribution, etc. 2006
300 ## - PHYSICAL DESCRIPTION
Extent X,858
500 ## - GENERAL NOTE
General note CIVIL LAW-KENYA DIGESTS CIVIL PROCEDURE KENYA DIGESTS
942 ## - ADDED ENTRY ELEMENTS (KOHA)
Source of classification or shelving scheme Library of Congress Classification
Koha item type Long Loan Book
Holdings
Withdrawn status Lost status Source of classification or shelving scheme Damaged status Not for loan Collection Home library Current library Shelving location Date acquired Inventory number Total checkouts Full call number Barcode Date last seen Copy number Price effective from Koha item type
    Library of Congress Classification     Law Kisii University Library Kisii University Library On Display 12/01/2025 110241   KSK 479.A473 O38 2006 000000020471 12/01/2025 C.1 12/01/2025 Long Loan Book
    Library of Congress Classification     Law Kisii University Library Kisii University Library On Display 12/01/2025 110242   KSK 479.A473 O38 2006 000000020472 12/01/2025 C.2 12/01/2025 Long Loan Book
    Library of Congress Classification     Law Kisii University Library Kisii University Library On Display 12/01/2025 110243   KSK 479.A473 O38 2006 000000020473 12/01/2025 C.3 12/01/2025 Long Loan Book
    Library of Congress Classification     Law Kisii University Library Kisii University Library On Display 12/01/2025 110244   KSK 479.A473 O38 2006 000000020474 12/01/2025 C.4 12/01/2025 Long Loan Book